|
|
|
|
| LEADER |
00000nab a2200000 a 4500 |
| 001 |
vtls000832735 |
| 003 |
SK-MaSNL |
| 005 |
20260304172332.0 |
| 008 |
250526c2003 xo 0 slo |
| 015 |
|
|
|a SNBRB2003/04-12493
|
| 035 |
|
|
|a CLN000184390
|
| 035 |
|
|
|a urn:nbn:sk:snk-ab2apw
|
| 035 |
|
|
|a (urnnbn)urn:nbn:sk:snk:ar-a021ac
|
| 035 |
|
|
|a (uuid)4de8c539-518e-4090-a32e-8066b2f96d5e
|
| 040 |
|
|
|a SNKBUCL
|b slo
|c SNKBUCL
|e AACR2
|
| 041 |
0 |
|
|a slo
|
| 044 |
|
|
|a xo
|c SK
|
| 080 |
|
|
|a 630(480)
|2 1997
|
| 245 |
0 |
0 |
|a Fínske lesy v číslach štatistiky
|c podľa Lesníckej štatistickej ročenky spracoval -JOK-
|
| 650 |
0 |
7 |
|a lesníctvo
|z Fínsko
|2 snkbucl
|9 1501683
|
| 650 |
0 |
7 |
|a lesné hospodárstvo
|z Fínsko
|2 snkbucl
|9 25120
|
| 650 |
0 |
7 |
|a lesy
|z Fínsko
|2 snkbucl
|9 1501684
|
| 651 |
|
7 |
|a Fínsko
|2 snkbucl
|9 20176
|
| 655 |
|
7 |
|a články z novín a časopisov
|2 snkbucl
|9 267496
|
| 700 |
1 |
|
|a -jok-
|4 oth
|9 841152
|
| 773 |
0 |
|
|t Les
|g Roč. 59, č. 1 (2003), s. 13
|x 0323-0996
|
| 850 |
|
|
|a Slovenská národná knižnica
|
| 852 |
|
|
|a Slovenská národná knižnica
|
| 954 |
|
|
|a odborná, vedecká literatúra pôvodná (slovenská)
|2 lita
|
| 958 |
|
|
|a ONDV
|
| 958 |
|
|
|a article2022
|
| 958 |
|
|
|a FI
|
| 992 |
|
|
|a RBX
|
| 999 |
|
|
|c 2997837
|d 2999767
|